[Event "Valencia Cuna op 3rd"]
[Site "Valencia"]
[Date "2022.07.11"]
[Round "1"]
[White "Barbe Pozas, Saturnino"]
[Black "Sivuk, Vitaly"]
[Result "0-1"]
[WhiteElo "1761"]
[BlackElo "2565"]
[PlyCount "58"]
[EventDate "2022.07.11"]
[EventType "swiss"]
[EventRounds "9"]
[EventCountry "ESP"]
[SourceTitle "CBM 209 Extra"]
[Source "ChessBase"]
[SourceDate "2022.09.30"]
[SourceVersion "1"]
[SourceVersionDate "2022.09.30"]
[SourceQuality "1"]

1. d4 Nf6 2. c4 e6 3. Nc3 Bb4 4. e3 0-0 5. Bd3 d5 6. Nf3 c5 7. 0-0 dxc4 8. Bxc4 Nbd7 9. a3 Ba5 10. Qd3 Qe7 11. Rd1 a6 12. e4 cxd4 13. Nxd4 Ne5 14. Qe2 Bxc3 15. bxc3 Nxc4 16. Qxc4 Nxe4 17. Nf3 Nf6 18. a4 b5 19. Qh4 Qb7 20. Rd4 e5 21. Rb4 Bf5 22. Bh6 Nd5 23. Rg4 Bxg4 24. Qxg4 f5 25. Qg3 Nxc3 26. Qxe5 b4 27. Ng5 Rae8 28. Qc5 gxh6 29. Qc4+ Qd5 0-1